00872nam a2200181 a 450000100100000000500170001000800410002704000250006808200150009311000760010824000180018424501560020226000700035830000190042895201130044795201130056099900170067300004515420201002045925.0110406s2002 dr 000 0 spa d aDO-SdBNPbspacBNPHU axxxbR426c1 aRepública DominicanabInstituto dominicano de seguros sociales91649910a[Leyes, Etc.]10aReglamento :bpara la aplicación del plan de retiro y asistencia social de los funcionarios y empleados del instituto dominicano de seguros sociales. aSanto Domingo :bInstituto dominicano de seguros sociales,c2002. a16 p ;c21 cm. 0010718PDaPDbPDcCTd2015-02-05iLF1l0oxxx R426cp45154-10r2020-06-25w2020-06-25yLFPDZNo se presta 0010718PDaPDbPDcHDd2015-02-05iLF1l0oxxx R426cp45155-10r2020-06-25w2020-06-25yLFPDZNo se presta c44643d44643